Cheshire Places - Sudden Death - Statistics

General Stats
  • This quiz has been taken 66 times
  • The average score is 12 of 16
Answers on the Grid
Answers color-coded by a green-red scale on the quiz's grid according to % correct below.
Alnwick
Banbury
Boston
Bridlington
Bury St. Edmunds
Chelmsford
Chester
Congleton
Crewe
Driffield
Ellesmere Port
Frodsham
Grantham
Hitchin
Holmes Chapel
Knutsford
Lewes
Lichfield
Liskeard
Macclesfield
Matlock
Nantwich
Northwich
Runcorn
Tarporley
Teignmouth
Ulverston
Warrington
Widnes
Wilmslow
Winsford
Worthing
 
Answer Stats
Answer % Correct
Chester
86%
Runcorn
84%
Northwich
82%
Wilmslow
82%
Congleton
80%
Ellesmere Port
80%
Knutsford
80%
Crewe
78%
Macclesfield
78%
Warrington
78%
Nantwich
72%
Winsford
72%
Frodsham
68%
Tarporley
68%
Holmes Chapel
64%
Widnes
64%
No matching quizzes found
Score Distribution
Percent of People with Each Score
Percentile by Number Answered
Your Score History
You have not taken this quiz